Регионална библиотека "Любен Каравелов" - Русе

Забавни разкази за желязото (Запис номер 170564)

MARC детайли
000 -Лидер
Контролно поле с фиксирана дължина 01415nam a2200325 c 4500
003 - Код на организацията, давaща контролен номер
Контролно поле BLK
005 - Дата и час на последна редакция
Контролно поле 20220930135432.0
008 - Елементи от данни с фиксирана дължина
fixed length control field 180411b bul|||||r ||||||| ||bul||
010 ## - Наследен системен номер
LC control number KNG00178723000
040 ## - Източник на каталожния запис
Идентификатор на билиотеката - собственик на записа BLK
041 ## - Код за език
Код за езика на текст/звукозапис или на отделно заглавие Български
Код за езика КДБФ Български
080 ## - УДК
Текстов определител УДК Металургия. Метали и сплави
УДК код - определител по УДК 669
УДК определител
УДК - код + определител 669
100 1# - Редна дума - Автор
Автор Мезенин, Николай Александрович
Авторска отговорност първи автор
R(LIN) 338592
139 ## - Редно поле
Редна дума Мезенин, Николай Александрович
Авторски знак Мед - М 45
245 10 - Сведения за заглавието
Заглавие Забавни разкази за желязото
Подзаглавни данни Науч.-попул. четиво
Редно поле (дума) Николай Александрович Мезенин; прев. от рус. Екатерина С. Арнаудова.
257 ## - Страна на издаване
Страна на създаване/издаване СССР
260 ## - Област на издателските данни
-- София
Име на издателя, разпространителя и проч. Техника
Година на издаване 1983
Печатница Русе : Дунав
300 ## - Физическа характеристика
Страници 163 с.
Илюстрации и др. с цв. ил.
Размери/Мащаб 22 см
380 ## - Жанр
Жанр Техника
500 ## - Общи забележки
Забележка Ориг. загл. Занимательно о железе / Николай Александрович Мезенин. - 2 808 тир.
650 #4 - Допълнително описание по предмет – тема
Основно описание – тема или топоним Металургия, черна
9 (RLIN) 298212
653 ## - Ключова дума – ненормативна
Ключова дума желязо
653 ## - Ключова дума – ненормативна
Ключова дума металургия
700 1# - Други автори (авторска отговорност)
Лично име Арнаудова, Екатерина С.
Автороска отговорност (Описва отношението между автора и произведението) прев. от рус.
9 (RLIN) 322366
852 ## - Местоположение
Форматна сигнатура Цб 123934
856 4# - Електронен адрес и достъп
Електронен формат pdf - файл
Път до файла /url/
856 4# - Електронен адрес и достъп
Електронен формат pdf - файл
Път до файла /url/
942 ## - АРТИКУЛИ
Вид на библиотечния материал Книги
Скрит в OPAC Не
Koha issues (borrowed), all copies 3
944 ## - СЪЗДАВАНЕ И РЕДАКЦИЯ на ЗАПИСА
Създаване/Редакция Създаване
Дата на регистрацията/редакция 23.07.2015
Служител, извършил регистрацията/редакцията Кина_Георгиева
944 ## - СЪЗДАВАНЕ И РЕДАКЦИЯ на ЗАПИСА
Създаване/Редакция Редакция
Дата на регистрацията/редакция 26.09.2017
Служител, извършил регистрацията/редакцията Вася_Ганчева
999 ## - СИСТЕМНИ КОНТРОЛНИ НОМЕРА
Koha biblionumber 170564
Koha biblioitemnumber 170564
Наличности
Код за отписване Код за изгубен артикул Източник на класификационната схема Код за повреда Коз за рестрикции Код за отдаване Артикулен № Име на библиотеката - собственик Име на библиотеката, в която се намира в момента Статус (Текущо местоположение) Дата на вписване в системата Местоположение - отдел Цена в лева Инвентарен номер Систематично азбучна сигнатура Баркод Номер на екземпляра Цена в евро Служебна бележка Служебен тип на артикула Бележка за публиката
  Не е изгубен Universal Decimal Classification Не е повреден само за читалня ползва се в читалня 289017 Регионална библиотека "Любен Каравелов" Русе Регионална библиотека "Любен Каравелов" Русе Хранилище 1983-01-01 Хранилище 1.45 387213 Цб 123934 900000011889 1 0.74 N: стар фонд Дата: 01.01.1983 Книги  
Изтеглен Не е изгубен Universal Decimal Classification Не е повреден без рестрикции заемане за дома 289018 Регионална библиотека "Любен Каравелов" Русе Регионална библиотека "Любен Каравелов" Русе Заемна - подръчен фонд 1983-01-01 Заемна - подръчен фонд 1.45 388915 П 669/М 45 120000388915 2 0.74 N: стар фонд Дата: 01.01.1983 Дата инв: 07.02.2018 Бележки инв: П2018 Книги  
Изтеглен Не е изгубен Universal Decimal Classification Не е повреден без рестрикции заемане за дома 289019 Регионална библиотека "Любен Каравелов" Русе Регионална библиотека "Любен Каравелов" Русе Заемна - подръчен фонд 1983-01-01 Заемна - подръчен фонд 1.45 388914 П 669/М 45 388914 3 0.74 N: стар фонд Дата: 01.01.1983 Книги  
Изтеглен Не е изгубен   Не е повреден без рестрикции заемане за дома 289020 Регионална библиотека "Любен Каравелов" Русе Регионална библиотека "Любен Каравелов" Русе   1983-01-01 Детски отдел 1.45 389213 ДН 66/М 45 389213 4 0.74 N: стар фонд Дата: 01.01.1983 Дата инв: 02.10.2015 Бележки инв: Д2015 Книги Отч.N: 38/2017 , Дата: 07.09.2017
Изтеглен Не е изгубен Universal Decimal Classification Не е повреден без рестрикции заемане за дома 289021 Регионална библиотека "Любен Каравелов" Русе Регионална библиотека "Любен Каравелов" Русе Детски отдел 1983-01-01 Детски отдел 1.45 389212 ДН 66/М 45 389212 5 0.74 N: стар фонд Дата: 01.01.1983 Дата инв: 02.10.2015 Бележки инв: Д2015 Книги  
Vip Innovations Ltd, Rousse, Bulgaria 2025